000 00634nam a22002177a 4500
999 _c1864
_d1864
003 AR-CdUCM
008 190228b ||||| |||| 00| 0 esp d
020 _aISBN
040 _aMUNICIPALIDAD PROVINCIAL DEL CUSCO
_cBIBLIOTECA MUNICIPAL DEL CUSCO
082 _a869.26 /
_bC827
100 _aCortázar, Julio
_9909
245 _aRayuela /
260 _aBuenos Aires .
_bEditorial Sudamericana,
_c1968.
300 _a635 páginas
_c18 cm.
440 _aLiteratura contemporánea
_96832
650 _aContranovela
_96833
650 _aLiteratura estetica
_96834
650 _aAutocritica
_96835
942 _2ddc
_cLIBROS
945 _arcc